Pays où KFC est implantés - Statistiques

Statistiques générales
  • Ce quiz a été pris 113 fois
  • Le résultat moyen est 74 sur 137
Statistiques - réponses
Numéro Pays % Correct
91 France
98%
134 États Unis
96%
13 Maroc
91%
133 Canada
90%
29 Chine
90%
116 Espagne
89%
112 Russie
89%
93 Allemagne
88%
57 Brésil
88%
121 Royaume-Uni
86%
32 Inde
83%
135 Mexique
83%
98 Italie
82%
19 Afrique du Sud
81%
53 Argentine
80%
34 Japon
80%
110 Portugal
80%
136 Australie
79%
3 Égypte
79%
22 Tunisie
78%
84 Belgique
76%
109 Pologne
76%
117 Suède
76%
118 Suisse
75%
94 Grèce
73%
97 Irlande
73%
106 Pays-Bas
73%
119 Turquie
72%
130 Arabie Saoudite
71%
46 Corée du Sud
71%
58 Chili
70%
18 Sénégal
68%
120 Ukraine
68%
107 Norvège
67%
89 Danemark
66%
33 Indonésie
66%
96 Islande
66%
81 Autriche
65%
102 Luxembourg
65%
43 Pakistan
65%
129 Qatar
65%
132 Emirats Arabes Unis
63%
137 Nouvelle-Zélande
63%
80 Albanie
61%
86 Croatie
61%
95 Hongrie
61%
111 Roumanie
61%
114 Slovaquie
61%
85 Bulgarie
60%
59 Colombie
60%
73 Pérou
60%
79 Venezuela
60%
100 Lettonie
59%
16 Nigeria
59%
115 Slovénie
59%
123 Irak
58%
113 Serbie
58%
49 Thaïlande
58%
101 Lituanie
57%
51 Vietnam
57%
90 Estonie
56%
125 Israël
56%
72 Paraguay
56%
71 Panama
55%
60 Costa Rica
54%
7 Côte d'ivoire
54%
83 Biélorussie
53%
61 Cuba
53%
127 Liban
53%
56 Bolivie
52%
8 Kenya
51%
1 Angola
50%
70 Honduras
50%
69 Jamaïque
50%
99 Kosovo
50%
40 Mongolie
50%
26 Arménie
49%
64 Équateur
49%
108 Macédoine du Nord
49%
10 Madagascar
49%
104 Moldavie
49%
92 Géorgie
48%
44 Philippines
48%
131 Yémen
48%
124 Jordanie
47%
103 Malte
47%
35 Kazakhstan
46%
87 Chypre
45%
67 Guatemala
45%
48 Taïwan
45%
24 Zambie
45%
27 Bangladesh
44%
42 Népal
44%
128 Oman
44%
82 Azerbaïdjan
43%
68 Guyana
43%
126 Koweït
43%
105 Monténégro
43%
20 Soudan
43%
50 Ouzbékistan
42%
63 République dominicaine
42%
30 Cambodge
41%
38 Malaisie
41%
14 Mozambique
41%
45 Singapour
41%
25 Zimbabwe
41%
15 Namibie
40%
17 Rwanda
40%
65 Salvador
40%
54 Bahamas
38%
6 Ghana
38%
47 Sri Lanka
38%
122 Bahreïn
36%
21 Tanzanie
36%
5 Gabon
35%
41 Myanmar
35%
9 Lesotho
33%
23 Ouganda
33%
77 Surinam
33%
39 Maldives
31%
12 Maurice
31%
4 Eswatini
30%
55 Barbade
29%
2 Botswana
29%
62 Dominique
29%
78 Trinité-et-Tobago
29%
52 Antigua-et-Barbuda
28%
36 Kirghizistan
28%
75 Sainte-Lucie
28%
76 Saint-Vincent-et-les-Grenadines
28%
11 Malawi
26%
74 Saint-Christophe-et-Niévès
25%
66 Grenade
24%
28 Brunei
21%
31 Hong Kong
16%
37 Macao
10%
88 République Thèque
3%
Aucun quiz correspondant
Distribution des résultats
% des personnes avec chaque résultat
Percentile par nombre de réponses
Votre historique - résultats
Vous n’avez pas pris ce quiz